Central Library OPAC University of Rajshahi

Roosevelt and modern America / (Record no. 28207)

MARC details
000 -LEADER
fixed length control field 00837cam a22002771 4500
001 - CONTROL NUMBER
control field 28207
003 - CONTROL NUMBER IDENTIFIER
rucl marc code BD-RjUL
005 - DATE AND TIME OF LATEST TRANSACTION
control field 20211209051242.0
008 - FIXED-LENGTH DATA ELEMENTS--GENERAL INFORMATION
fixed length control field 750313t19601959nyu b 000 0 eng
035 ## - SYSTEM CONTROL NUMBER
System control number (BD-RjUL)28288
System control number (OCoLC)1215248
040 ## - CATALOGING SOURCE
Original cataloging agency DLC
Transcribing agency FO
Modifying agency OCoLC
-- BD-RjUL
Language of cataloging eng
041 ## - LANGUAGE CODE
Language code of text/sound track or separate title eng
082 00 - DEWEY DECIMAL CLASSIFICATION NUMBER
Classification number 973.917
Author mark and year WOR 1962
100 1# - MAIN ENTRY--PERSONAL NAME
Personal name Woods, John A.
9 (RLIN) 86381
245 00 - TITLE STATEMENT
Title Roosevelt and modern America /
260 ## - PUBLICATION, DISTRIBUTION, ETC. (IMPRINT)
Place of publication, distribution, etc. New York,
Name of publisher, distributor, etc. Macmillan
Date of publication, distribution, etc. c1959 [Printed 1962]
300 ## - PHYSICAL DESCRIPTION
Pagination 192 p. :
Size 18 cm.
490 0# - SERIES STATEMENT
Series statement Teach yourself history library
504 ## - BIBLIOGRAPHY, ETC. NOTE
Bibliography, etc Includes bibilography.
600 10 - SUBJECT ADDED ENTRY--PERSONAL NAME
Personal name Roosevelt, Franklin D.
Fuller form of name (Franklin Delano),
Dates associated with a name 1882-1945.
651 #0 - SUBJECT ADDED ENTRY--GEOGRAPHIC NAME
Geographic name United States
General subdivision Politics and government
Chronological subdivision 1933-1945.
9 (RLIN) 8815
942 ## - ADDED ENTRY ELEMENTS (KOHA)
Source of classification or shelving scheme Dewey Decimal Classification
Koha item type Books
Holdings
Lost status Source of classification or shelving scheme Damaged status Not for loan Collection code Permanent Location Current Location Shelving location Date acquired Source of acquisition Cost, normal purchase price Total Checkouts Full call number Date last seen Copy number Koha item type
  Dewey Decimal Classification   Added to bundle Non-fiction Central Library, University of Rajshahi Central Library, University of Rajshahi Reading Room 24/07/1964 zeithinger 6.90   973.917 WOR 1962 29/03/2014 C-1 Books